000 00601nam a2200157Ia 4500
008 090124s9999 xx 000 0 und d
082 _b6419
245 _a डॉ. केतकर : वाङ्मयविषय़क लेख
250 _a1
260 _bमराठी संशोधन मंडऴ
_c1974
300 _a270
630 _a डॉ. केतकर : वाङ्मयविषय़क लेख
700 _aखानोलकर गंगाधर देवधर
730 _a डॉ. केतकर : वाङ्मयविषय़क लेख
942 _cBOOK
999 _c85188
_d85188